Código civil.
Guardat en:
| Format: | Llibre |
|---|---|
| Idioma: | espanyol |
| Publicat: |
Madrid, España:
Civitas,
1996.
|
| Edició: | Decimonovena edición. |
| Col·lecció: | Civitas. Biblioteca de Legislación, 5.
|
| Matèries: | |
| Etiquetes: |
Afegir etiqueta
Sense etiquetes, Sigues el primer a etiquetar aquest registre!
|
MARC
| LEADER | 00000nam a2200000 a 4500 | ||
|---|---|---|---|
| 001 | UCS2461 | ||
| 003 | CL-VaPUC | ||
| 005 | 20220822114331.0 | ||
| 008 | 970530e19960000SP |||||||||||||||||spa|d | ||
| 999 | |c 260417 |d 260415 | ||
| 020 | |a 84-470-0740-5 | ||
| 040 | |c Pontificia Universidad Católica de Valparaíso | ||
| 082 | 0 | 4 | |a 346.46 COD 1996 |2 21 |
| 245 | 1 | 0 | |a Código civil. |
| 250 | |a Decimonovena edición. | ||
| 260 | |a Madrid, España: |b Civitas, |c 1996. | ||
| 300 | |a 644 páginas. | ||
| 490 | 0 | |a Civitas. Biblioteca de Legislación, 5. | |
| 500 | |a c.2 Donación Familia Prof. Alejandro Guzmán Brito. | ||
| 583 | |a last modification |c 19970530 00:00:00 |k Rodrigo Vera | ||
| 650 | 0 | |a Código civil |9 256135 |z España | |
| 942 | |c BK |2 ddc |n 0 | ||
| 945 | |d 19970530 00:00:00 |a rleighto | ||
| 952 | |0 0 |1 0 |4 0 |6 346_460000000000000_COD_1996 |7 0 |8 A |9 286551 |a BIBDER |b BIBDER |d 2019-11-19 |i 3306305 |o 346.46 COD 1996 |p 3306305 |r 2019-11-19 |w 2019-11-19 |y BK |k DER | ||